| 000 | 00442cam a2200181ua 4500 | ||
|---|---|---|---|
| 001 | 5118 | ||
| 008 | 161118n II |||gr||||Z||||||eng | ||
| 040 | _aMAIN | ||
| 041 | _aEnglish | ||
| 082 | _a??? THE | ||
| 245 | _aTHE OXFORD COMPANION TO SPORTS AND GAMES | ||
| 250 | _a1ST. | ||
| 260 |
_aUK: _bPALADIN, _c1977. |
||
| 300 |
_a1010: _c21CM. |
||
| 653 | _aAthletic & outdoor sports & games | ||
| 700 |
_aARRLOT, JOHN, _eEDITOR. |
||
| 942 | _cBK | ||
| 999 |
_c5103 _d5103 |
||